00585nam a2200181Ia 4500082001200000100002000012245006400032250004300096260000900139300000800148504004200156650003700198650004400235650003600279650003600315650003600351710001600387 aTS.0948 aSebastian, K.S. 0aPublic health and urban processes: a study of Alleppey town aJawaharlal Nehru University, New Delhi c1998 a307 ainclucded appendices and bibliography aPublic healthvAlleppey (Kerala) aEnvironmental healthvAlleppey (Kerala) aUrban healthvAlleppey (Kerala) aUrbanizationvAlleppey (Kerala) aEpidemiologyvAlleppey (Kerala) aNayar, K.R.